Strategic human resource management : (Record no. 8382)
[ view plain ]
| 000 -LEADER | |
|---|---|
| fixed length control field | 01254nac a22003011u 4500 |
| 010 ## - LIBRARY OF CONGRESS CONTROL NUMBER | |
| LC control number | 2005926178 |
| 020 ## - INTERNATIONAL STANDARD BOOK NUMBER | |
| International Standard Book Number | 1412919002 (hardback) |
| 020 ## - INTERNATIONAL STANDARD BOOK NUMBER | |
| International Standard Book Number | 1412919010 (pbk.) |
| 082 00 - DEWEY DECIMAL CLASSIFICATION NUMBER | |
| Classification number | 658.301 |
| Item number | SAL |
| 090 ## - LOCALLY ASSIGNED LC-TYPE CALL NUMBER (OCLC); LOCAL CALL NUMBER (OCLC) | |
| -- | 8382 |
| -- | 8382 |
| 100 ## - MAIN ENTRY--PERSONAL NAME | |
| Personal name | Salaman, Graeme [ed.] |
| 245 00 - TITLE STATEMENT | |
| Title | Strategic human resource management : |
| Remainder of title | theory and practice / |
| Statement of responsibility, etc | edited by Graeme Salaman, John Storey, and Jon Billsberry. |
| 250 ## - EDITION STATEMENT | |
| Edition statement | 2nd ed. |
| 260 ## - PUBLICATION, DISTRIBUTION, ETC. (IMPRINT) | |
| Place of publication, distribution, etc | Milton Keynes : |
| Name of publisher, distributor, etc | Open University in associatin with Sage Publications,C.2005. |
| Date of publication, distribution, etc | C.2005. |
| 300 ## - PHYSICAL DESCRIPTION | |
| Extent | viii, 350 p. : |
| Other physical details | ill. ; |
| Dimensions | 25 cm. |
| 500 ## - GENERAL NOTE | |
| General note | Distributer: Al-Ahram. |
| 504 ## - BIBLIOGRAPHY, ETC. NOTE | |
| Bibliography, etc | Includes bibliographical references and index. |
| 511 ## - PARTICIPANT OR PERFORMER NOTE | |
| Participant or performer note | Catalogued By: Mahitab. |
| 650 #0 - SUBJECT ADDED ENTRY--TOPICAL TERM | |
| Topical term or geographic name as entry element | Personnel management. |
| 650 #0 - SUBJECT ADDED ENTRY--TOPICAL TERM | |
| Topical term or geographic name as entry element | Strategic planning. |
| 700 1# - ADDED ENTRY--PERSONAL NAME | |
| Personal name | Salaman, Graeme. |
| 700 1# - ADDED ENTRY--PERSONAL NAME | |
| Personal name | Storey, John, |
| Dates associated with a name | 1947- |
| 700 1# - ADDED ENTRY--PERSONAL NAME | |
| Personal name | Billsberry, Jon. |
| 856 42 - ELECTRONIC LOCATION AND ACCESS | |
| Materials specified | Publisher description |
| Uniform Resource Identifier | <a href="http://www.loc.gov/catdir/enhancements/fy0658/2005926178-d.html">http://www.loc.gov/catdir/enhancements/fy0658/2005926178-d.html</a> |
| 856 42 - ELECTRONIC LOCATION AND ACCESS | |
| Materials specified | Table of contents only |
| Uniform Resource Identifier | <a href="http://www.loc.gov/catdir/enhancements/fy0658/2005926178-t.html">http://www.loc.gov/catdir/enhancements/fy0658/2005926178-t.html</a> |
| 942 ## - ADDED ENTRY ELEMENTS (KOHA) | |
| Item type | Book - Borrowing |
| Call number prefix | 658.301SAL |
| Withdrawn status | Item status | Source of classification or shelving scheme | Damaged status | Not for loan | Vendor | Home library | Current library | Shelving location | Date acquired | Source of acquisition | Cost, normal purchase price | Total Checkouts | Total Renewals | Full call number | Barcode | Date last seen | Date last borrowed | Cost, replacement price | Koha item type |
|---|---|---|---|---|---|---|---|---|---|---|---|---|---|---|---|---|---|---|---|
| Dewey Decimal Classification | Central Library | Central Library | First floor | 05/03/2008 | 300.00 | 6 | 27 | 658.301SAL | 000010191 | 15/07/2025 | 14/03/2016 | 375.00 | Book - Borrowing | ||||||
| Dewey Decimal Classification | Central Library | Central Library | First floor | 08/03/2016 | 300.00 | 4 | 6 | 658.301SAL | 000010616 | 15/07/2025 | 11/11/2017 | 375.00 | Book - Borrowing |